THE OFFICIAL BORLAND TURBO C ,SURVIVAL GUIDE (Record no. 567509)

000 -LEADER
fixed length control field 00393nam a22001337a 4500
020 ## - INTERNATIONAL STANDARD BOOK NUMBER
International Standard Book Number 0-471-60861-0
082 ## - DEWEY DECIMAL CLASSIFICATION NUMBER
Classification number 005.133-BTC MIL'O
100 ## - MAIN ENTRY--PERSONAL NAME
Personal name QUILICI, A.E ,MILLER, L.H
9 (RLIN) 57217
245 ## - TITLE STATEMENT
Title THE OFFICIAL BORLAND TURBO C ,SURVIVAL GUIDE
260 ## - PUBLICATION, DISTRIBUTION, ETC.
Place of publication, distribution, etc. NEWYORK
Name of publisher, distributor, etc. JOHN WILEY
Date of publication, distribution, etc. 1988
300 ## - PHYSICAL DESCRIPTION
Extent XIX,553P
650 ## - SUBJECT ADDED ENTRY--TOPICAL TERM
Topical term or geographic name entry element COMPUTER PROGRAM LANGUAGE-C TURBO C-COMPUTER PROGRAM
9 (RLIN) 57218
942 ## - ADDED ENTRY ELEMENTS (KOHA)
Koha item type Book
Holdings
Withdrawn status Lost status Damaged status Not for loan Permanent Location Current Location Shelving location Date acquired Total Checkouts Full call number Barcode Date last seen Price effective from Koha item type
        College of Electrical & Mechanical Engineering (CEME) College of Electrical & Mechanical Engineering (CEME) General Stacks 07/12/2017   005.133-BTC MIL'O CEME-24760 06/28/2021 06/28/2021 Book
© 2023 Central Library, National University of Sciences and Technology. All Rights Reserved.